European Countries by % of Population in Biggest City - Statistics

General Stats
  • This quiz has been taken 168 times
  • The average score is 18 of 20
Answer Stats
% City Country % Correct
100% Vatican City Vatican City
100%
29% Andorra la Vella Andorra
97%
100% Monaco Monaco
97%
19% Luxembourg City Luxembourg
94%
19% Oslo Norway
92%
21% Dogana San Marino
92%
33% Tallinn Estonia
91%
20% Tirana Albania
90%
36% Reykjavik Iceland
90%
33% Riga Latvia
90%
21% Vilnius Lithuania
90%
32% Podgorica Montenegro
90%
20% Zagreb Croatia
87%
21% Vienna Austria
86%
22% Minsk Belarus
86%
26% Skopje North Macedonia
86%
18% Sofia Bulgaria
85%
18% Budapest Hungary
84%
26% Chișinău Moldova
84%
19% Istanbul Turkey
45%
No matching quizzes found
Score Distribution
Percent of People with Each Score
Percentile by Number Answered
Your Score History
You have not taken this quiz